00911nam a22002417a 450000500170000001000130001702000220003003500130005203700160006504000120008108200160009310000270010924500630013626000530019927000500025230000270030250000510032965000660038065000560044694200250050299900190052795201230054620170124110004.0 aA-895920 c00.00a8170247977 aA-895920 bCen Lib/Ret aDPLbEN a362.88bDAS aDas, Bharat B. 973383 aVictims in the criminal justice system /cby Bharat B. Das aNew DelhibA. P. H. Publishing Corporationc1997 bNew Delhia5, Ansari Road, Darya Ganje110002 axviii,197p. c22cm(Hb) aIncludes bibliographical references and index  aVictims of crimes -- Legal status, laws, etc. -- India973384 aCriminal justice, Administration of -- India973385 2ddccENh362.88mDAS c126101d126101 00104070aLbLd2015-06-24eCen Lib/Retg0.00l0o362.88 DASpA-895920r2015-06-24 00:00:00t1v0.00w2015-06-24yEN